| 000 | 00959nam a22002537a 4500 | ||
|---|---|---|---|
| 005 | 20240530110528.0 | ||
| 008 | 160310s2012 ua g b 000 0 ara d | ||
| 017 |
_a2009/19432 _bمصر . دار الكتب المصرية |
||
| 020 | _a9789774102066 | ||
| 040 | _aEG-CaGPL | ||
| 082 | 0 | 4 |
_221 _a307.72\ _bم م |
| 100 | 0 | _aمحمد السيد الامام | |
| 245 | 1 | 0 |
_aمقدمة فى علم الاجتماع الريفى / _cمحمد السيد الامام |
| 250 | _aط1 | ||
| 260 |
_aالقاهرة : _bالمكتبة العصرية للنشر و التوزيع ، _c2012. |
||
| 300 |
_a365 ص ؛ _c24 سم . |
||
| 504 | _aيشتمل على ارجاعات ببليوجرافية | ||
| 650 | 0 | 4 | _aالاجتماع الريفى ، علم |
| 650 | 0 | 4 | _aالاحوال الريفية |
| 650 | 0 | 4 | _aالمجتمعات الريفية |
| 650 | 0 | 4 | _aالتنمية الريفية |
| 942 |
_2ddc _cBK |
||
| 999 |
_c62036 _d62036 |
||